Stormy Weather: The New Hampshire Primary and Presidential Politics (Record no. 615980)

MARC details
000 -LEADER
fixed length control field 01304nam a2200169 a 4500
008 - FIXED-LENGTH DATA ELEMENTS--GENERAL INFORMATION
fixed length control field 260227s2026##################000#0#eng##
020 ## - INTERNATIONAL STANDARD BOOK NUMBER
ISBN 9780312296223
082 04 - DEWEY DECIMAL CLASSIFICATION NUMBER
Classification number 324.273
Item number SCA
100 ## - MAIN ENTRY--AUTHOR NAME
Personal name D. Scala
245 10 - TITLE STATEMENT
Title Stormy Weather: The New Hampshire Primary and Presidential Politics
Statement of responsibility, etc / D. Scala
260 ## - PUBLICATION, DISTRIBUTION, ETC. (IMPRINT)
Name of publisher Palgrave
Year of publication 2004.
300 ## - PHYSICAL DESCRIPTION
Number of Pages 218p,;
Dimensions 20 cm.
504 ## - BIBLIOGRAPHY, ETC. NOTE
Bibliography, etc Includes index
520 ## - SUMMARY, ETC.
Summary, etc In the coming presidential primaries, no state is as important in setting the stage - or affecting the odds - as New Hampshire. This small, mountainous, proudly distinctive state holds the first primary and the results, both real and in comparison to expectations, can greatly influence the competition for the highest office in the land. Candidates who do well can create momentum and gain support, while those who do worse than expected can be counted out. Scala explains the distinctiveness of New Hampshire politics and how the candidates create strategies to appeal to the state's voters. New Hampshire's sympathy for reformist candidates has the paradoxical affect of jumpstarting the campaigns of those candidates least representative of Democratic voters nationally. The implications for Democratic chances to win the presidency in 2004 are discussed.
942 ## - ADDED ENTRY ELEMENTS (KOHA)
Koha item type Reference
Holdings
Withdrawn status Lost status Damaged status Not for loan Home library Current library Shelving location Date acquired Full call number Accession Number Price effective from Koha item type
        Anna Centenary Library Anna Centenary Library 3RD FLOOR, B WING 27.02.2026 324.273 SCA 306785 27.02.2026 Reference

Find us on the map